Rapper nach Bild | 4 | - Statistiken

Allgemein
  • Dieses Quiz wurde 527 mal gespielt
  • Das Durchschnittsergebnis liegt bei 5 aus 16
Antwortstatistiken
Bildquiz Antwort % Korrekt
Kendrick Lamar
91%
Lil Wayne
86%
Trippie Redd
76%
Kodak Black
67%
Youngboy Never Broke Again
59%
Lil Loaded
44%
Sexyy Red
31%
Tay-K
27%
JELEEL!
14%
$NOT
14%
Smokepurpp
10%
Lil Tracy
7%
Freddie Dredd
5%
Scarlxrd
5%
BONES
3%
Xavier Wulf
1%
Keine übereinstimmenden Quizze gefunden
Verteilung der Resultate
Anzahl Personen mit jedem Resultat
Perzentil nach korrekt beantworteten Fragen
Ihre Resultats-Entwicklung
Sie haben dieses Quiz noch nicht gespielt